[Event "ODEM U25B 2011"]
[Site "Oberhof GER"]
[Date "2011.06.12"]
[Round "2"]
[White "Weber, Yannik"]
[Black "Herrmann, Heribert"]
[Result "0-1"]
[Termination "normal"]
[Board "11"]
[WhiteElo "1542"]
[BlackElo "1274"]
[PlyCount "52"]
[WhiteFideId "24692700"]
[BlackFideId "12971715"]
[EventCountry "GER"]
[EventRounds "9"]
[EventType "swiss"]
[EventDate "2011.06.11"]

1. d4 Nf6 2. c4 g6 3. Bf4 Bg7 4. e3 d6 5. h3 Nbd7 6. Be2 b6 7. Bf3 Rb8 8. g4
O-O 9. g5 Ne8 10. h4 c5 11. h5 e5 12. hxg6 fxg6 13. Bd5+ Kh8 14. Qg4 Ndf6 15.
gxf6 Bxg4 16. fxg7+ Kxg7 17. Bh6+ Kh8 18. Bxf8 Nf6 19. dxe5 Nxd5 20. Bxd6 Nb4
21. Na3 Rb7 22. f3 Be6 23. O-O-O Qg5 24. f4 Qg2 25. Nh3 Bf5 26. Ng5 Nxa2# 0-1

[Event "ODEM U25B 2011"]
[Site "Oberhof GER"]
[Date "2011.06.12"]
[Round "2"]
[White "Oberhofer, Cédric"]
[Black "Stein, Daniel"]
[Result "1-0"]
[Termination "normal"]
[Board "12"]
[WhiteElo "1409"]
[BlackElo "1252"]
[PlyCount "85"]
[WhiteFideId "12941220"]
[BlackFideId "12939307"]
[EventCountry "GER"]
[EventRounds "9"]
[EventType "swiss"]
[EventDate "2011.06.11"]

1. e4 c5 2. Nf3 d6 3. d4 cxd4 4. Nxd4 Nf6 5. Nc3 g6 6. Be3 Bg7 7. f3 Nc6 8. Qd2
O-O 9. Bc4 Na5 10. Bd3 d5 11. e5 Nd7 12. f4 Nb6 13. b3 Nc6 14. O-O f6 15. Nxc6
bxc6 16. Bd4 Qc7 17. Qe3 fxe5 18. fxe5 Be6 19. Rae1 Nd7 20. Na4 Rxf1+ 21. Bxf1
c5 22. Nxc5 Nxc5 23. Bxc5 Rc8 24. b4 a5 25. a3 axb4 26. axb4 Rf8 27. c3 Bf5 28.
Bd4 e6 29. Ra1 Qc8 30. Ra7 Rf7 31. Rxf7 Kxf7 32. Bc5 Bf8 33. Bxf8 Qxf8 34. Bd3
Bxd3 35. Qxd3 Ke7 36. Qd4 Qc8 37. Qa7+ Qd7 38. Qxd7+ Kxd7 39. Kf2 d4 40. cxd4
Kc6 41. Ke3 Kb5 42. Ke4 Kxb4 43. d5 1-0

[Event "ODEM U25B 2011"]
[Site "Oberhof GER"]
[Date "2011.06.12"]
[Round "2"]
[White "Hoppe, Michael"]
[Black "Alt, Elisabeth"]
[Result "0-1"]
[Termination "normal"]
[Board "13"]
[WhiteElo "1098"]
[BlackElo "1402"]
[PlyCount "48"]
[WhiteFideId "12928747"]
[BlackFideId "24692620"]
[EventCountry "GER"]
[EventRounds "9"]
[EventType "swiss"]
[EventDate "2011.06.11"]

1. d4 d5 2. Bf4 Nf6 3. f3 e6 4. Nc3 c5 5. Nb5 Qa5+ 6. Nc3 Qb4 7. Rb1 cxd4 8. a3
Qc5 9. Na2 Nc6 10. Nc1 Qb6 11. Nb3 Be7 12. Qd3 e5 13. Bg5 e4 14. Qd2 O-O 15. h4
e3 16. Qd3 Qc7 17. g4 h6 18. Bxf6 Bxf6 19. g5 Qg3+ 20. Kd1 Ne5 21. Qb5 hxg5 22.
hxg5 Bxg5 23. Nxd4 Bh4 24. Qb4 Nc4 0-1

[Event "ODEM U25B 2011"]
[Site "Oberhof GER"]
[Date "2011.06.12"]
[Round "2"]
[White "Edel, Fenja"]
[Black "ter Stal, Esther"]
[Result "1-0"]
[Termination "normal"]
[Board "14"]
[WhiteElo "1537"]
[BlackElo "847"]
[PlyCount "51"]
[WhiteFideId "24696749"]
[BlackFideId "12944467"]
[EventCountry "GER"]
[EventRounds "9"]
[EventType "swiss"]
[EventDate "2011.06.11"]

1. e4 c6 2. d4 d5 3. exd5 cxd5 4. Bd3 Nf6 5. Nf3 Bg4 6. c3 Nc6 7. Bf4 e6 8.
Nbd2 Bd6 9. Bxd6 Qxd6 10. O-O O-O 11. Qc2 Rfe8 12. Ng5 Bf5 13. Bxf5 exf5 14.
Qxf5 h6 15. Ngf3 Re2 16. Rfe1 Rae8 17. Rxe2 Rxe2 18. Re1 Qe7 19. Qc8+ Kh7 20.
Rxe2 Qxe2 21. h3 b6 22. Qxc6 Nh5 23. Qxd5 Nf4 24. Qe4+ Kg8 25. Qxf4 Qd1+ 26.
Kh2 1-0

[Event "ODEM U25B 2011"]
[Site "Oberhof GER"]
[Date "2011.06.12"]
[Round "2"]
[White "Bruns, Tim-Sebastian"]
[Black "Nobis, Philipp"]
[Result "0-1"]
[Termination "normal"]
[Board "15"]
[WhiteElo "1075"]
[BlackElo "1396"]
[PlyCount "63"]
[BlackFideId "24602183"]
[EventCountry "GER"]
[EventRounds "9"]
[EventType "swiss"]
[EventDate "2011.06.11"]

1. e4 c5 2. c3 Nf6 3. e5 Ng8 4. d4 cxd4 5. cxd4 Nc6 6. Nf3 e6 7. Nc3 d6 8. Bb5
Bd7 9. Bg5 Qc7 10. O-O a6 11. Bxc6 Bxc6 12. Qb3 Be7 13. d5 exd5 14. Nxd5 Bxd5
15. Qxd5 dxe5 16. Rac1 Qd8 17. Qxe5 f6 18. Qc3 Kf8 19. Rfd1 Qe8 20. Be3 b5 21.
Re1 Qd7 22. Bc5 Rc8 23. Bxe7+ Nxe7 24. Qa5 Ra8 25. Red1 Qe8 26. Rd2 Nc6 27. Qb6
Ne7 28. Rcd1 Kf7 29. g3 Qc6 30. Rd6 Qxf3 31. Qc7 Rac8 32. Qb7 0-1

[Event "ODEM U25B 2011"]
[Site "Oberhof GER"]
[Date "2011.06.12"]
[Round "2"]
[White "Denkert, Robert"]
[Black "Jansen, Nina"]
[Result "1-0"]
[Termination "normal"]
[Board "19"]
[WhiteElo "1220"]
[BlackElo "1478"]
[PlyCount "57"]
[WhiteFideId "12957216"]
[BlackFideId "12934500"]
[EventCountry "GER"]
[EventRounds "9"]
[EventType "swiss"]
[EventDate "2011.06.11"]

1. e4 e5 2. Nf3 Nc6 3. Bc4 Bc5 4. c3 Nf6 5. d3 a6 6. Bb3 O-O 7. Bg5 h6 8. Be3
Be7 9. h3 b5 10. Nbd2 Na5 11. Bc2 Nc6 12. Nf1 d5 13. Ng3 d4 14. Bd2 Bb7 15. Nf5
Bc5 16. Qc1 dxc3 17. bxc3 Ne7 18. N3h4 Bc8 19. Nxh6+ Kh7 20. Bg5 Ng6 21. Ng4
Bxg4 22. hxg4 Kg8 23. Nf5 Nf4 24. Bxf4 exf4 25. Qxf4 Re8 26. Qh2 Bxf2+ 27. Kf1
Kf8 28. Qh8+ Ng8 29. Qxg7# 1-0

[Event "ODEM U25B 2011"]
[Site "Oberhof GER"]
[Date "2011.06.12"]
[Round "2"]
[White "Hölzer, Jeanette"]
[Black "Siegl, Adrian"]
[Result "1/2-1/2"]
[Termination "normal"]
[Board "20"]
[WhiteElo "1108"]
[BlackElo "1412"]
[PlyCount "66"]
[WhiteFideId "12917982"]
[BlackFideId "12930156"]
[EventCountry "GER"]
[EventRounds "9"]
[EventType "swiss"]
[EventDate "2011.06.11"]

1. e4 c5 2. Nf3 Nc6 3. d4 cxd4 4. Nxd4 e5 5. Nb5 d6 6. N1c3 a6 7. Na3 Nf6 8.
Bg5 Be6 9. Nc4 b5 10. Ne3 Ne7 11. Bd3 h6 12. Bxf6 gxf6 13. Nf5 Bxf5 14. exf5
Bg7 15. Be4 Ra7 16. Nd5 Nxd5 17. Bxd5 O-O 18. O-O Rc7 19. Rc1 Qd7 20. Qf3 Rfc8
21. c3 Rc5 22. Rfd1 b4 23. c4 a5 24. b3 a4 25. Rd2 a3 26. Rcd1 Rd8 27. Qg4 Kh8
28. Rd3 Rg8 29. Qh5 Rc7 30. Rh3 Bf8 31. Qf3 Rc8 32. Rh5 Rg5 33. Rd3 Bg7 1/2-1/2

[Event "ODEM U25B 2011"]
[Site "Oberhof GER"]
[Date "2011.06.12"]
[Round "2"]
[White "Rößler, Linus Benedict"]
[Black "Morio, Estelle"]
[Result "1-0"]
[Termination "normal"]
[Board "22"]
[WhiteElo "1523"]
[BlackElo "1012"]
[PlyCount "113"]
[WhiteFideId "12921076"]
[BlackFideId "12951951"]
[EventCountry "GER"]
[EventRounds "9"]
[EventType "swiss"]
[EventDate "2011.06.11"]

1. e4 d6 2. d4 Nf6 3. Nc3 Nbd7 4. Nf3 e5 5. Bc4 Be7 6. O-O O-O 7. Re1 c6 8. Be3
b6 9. Qe2 Bb7 10. Rad1 exd4 11. Bxd4 c5 12. Bxf6 Bxf6 13. Rxd6 Re8 14. Red1 Re7
15. Bb5 Bc8 16. Nd5 Re8 17. Nxf6+ gxf6 18. Bxd7 Bxd7 19. Rxd7 Qc8 20. Qc4 Rf8
21. e5 fxe5 22. Nxe5 Qe8 23. Nf3 Kg7 24. Qc3+ Kg8 25. R7d5 f5 26. Rd7 Rf7 27.
Qc4 Rc8 28. Rxf7 Qxf7 29. Qxf7+ Kxf7 30. Rd7+ Kg6 31. Rxa7 Rd8 32. Kf1 h5 33.
Ra6 Rb8 34. Ne5+ Kg5 35. Nd7 Rc8 36. Rxb6 Rd8 37. Nxc5 Rd2 38. c3 Kf4 39. Ke1
Rd5 40. Rc6 Re5+ 41. Kd2 Rd5+ 42. Nd3+ Kg4 43. Rc5 Rd7 44. Kc2 Re7 45. Kd2 Rd7
46. a4 Kh4 47. f3 Kg5 48. b4 Kf6 49. a5 Ke7 50. b5 Rd8 51. b6 Kf6 52. b7 Rb8
53. a6 Kg6 54. Rc8 Rxc8 55. bxc8=Q Kf6 56. a7 Kg6 57. a8=Q 1-0

[Event "ODEM U25B 2011"]
[Site "Oberhof GER"]
[Date "2011.06.12"]
[Round "2"]
[White "Michalowski, Sophia"]
[Black "Hoppe, Andreas"]
[Result "0-1"]
[Termination "normal"]
[Board "23"]
[WhiteElo "1014"]
[BlackElo "1307"]
[PlyCount "126"]
[WhiteFideId "12902454"]
[BlackFideId "12922811"]
[EventCountry "GER"]
[EventRounds "9"]
[EventType "swiss"]
[EventDate "2011.06.11"]

1. d4 d5 2. c4 e6 3. Nc3 Nc6 4. cxd5 exd5 5. Nf3 Bb4 6. Bd2 Nge7 7. e3 Bg4 8.
Bd3 O-O 9. h3 Bh5 10. O-O Qd7 11. a3 Bd6 12. Be2 Bg6 13. Nh4 Bf5 14. Nxf5 Qxf5
15. Bf3 Nd8 16. e4 dxe4 17. Bxe4 Qf6 18. Qh5 g6 19. Qh6 Qxd4 20. Be3 Qg7 21.
Qxg7+ Kxg7 22. b4 c6 23. Rad1 Be5 24. Bd4 Bxd4 25. Rxd4 Ng8 26. Rfd1 Nf6 27.
Bf3 Ne6 28. R4d2 Rad8 29. g4 Rxd2 30. Rxd2 Rd8 31. Rxd8 Nxd8 32. h4 Ne6 33. g5
Nd7 34. Bg4 Ne5 35. Bxe6 fxe6 36. f4 Nf3+ 37. Kf2 Nxh4 38. Ne4 b6 39. Nd6 Nf5
40. Nc8 a5 41. Nxb6 axb4 42. axb4 Nd4 43. Ke3 Nc2+ 44. Ke4 Nxb4 45. Ke5 Nd5 46.
Nc4 c5 47. Kxe6 Nxf4+ 48. Kd6 Nh3 49. Kxc5 Nxg5 50. Ne3 h5 51. Ng2 Kf6 52. Kd4
Kf5 53. Ke3 Ne6 54. Kf2 g5 55. Kg3 Nf4 56. Nxf4 gxf4+ 57. Kf3 h4 58. Kg2 Kg4
59. Kf2 h3 60. Kg1 Kg3 61. Kh1 f3 62. Kg1 f2+ 63. Kh1 f1=Q# 0-1

[Event "ODEM U25B 2011"]
[Site "Oberhof GER"]
[Date "2011.06.12"]
[Round "2"]
[White "Hoffmann, Rasmus"]
[Black "Bauch, Florian"]
[Result "0-1"]
[Termination "normal"]
[Board "24"]
[WhiteElo "990"]
[BlackElo "1306"]
[PlyCount "70"]
[EventCountry "GER"]
[EventRounds "9"]
[EventType "swiss"]
[EventDate "2011.06.11"]

1. Nc3 Nf6 2. e4 e5 3. Nf3 Nc6 4. Bc4 b6 5. O-O Bb7 6. d3 Be7 7. Be3 O-O 8. Qd2
Ng4 9. Bg5 Nd4 10. Bxe7 Qxe7 11. Nxd4 exd4 12. Ne2 c5 13. Ng3 g6 14. Qe2 Ne5
15. b3 Nxc4 16. bxc4 Rfe8 17. f3 Rad8 18. a4 d5 19. Rfe1 dxc4 20. dxc4 Qe6 21.
a5 h5 22. axb6 axb6 23. Reb1 f5 24. Re1 h4 25. Nf1 fxe4 26. Nd2 e3 27. Nb3 Rd7
28. Qd3 Qf5 29. Re2 Qxd3 30. cxd3 Re5 31. Nd2 Rg5 32. Nf1 Bxf3 33. Rc2 e2 34.
Nd2 Rxg2+ 35. Kh1 35... Rg5+ {ein Matt, das kein Matt ist.} 0-1

[Event "ODEM U25B 2011"]
[Site "Oberhof GER"]
[Date "2011.06.12"]
[Round "2"]
[White "Eue, Vicky"]
[Black "Granzin, David"]
[Result "1-0"]
[Termination "normal"]
[Board "25"]
[WhiteElo "1296"]
[BlackElo "975"]
[PlyCount "53"]
[WhiteFideId "12945838"]
[BlackFideId "12922145"]
[EventCountry "GER"]
[EventRounds "9"]
[EventType "swiss"]
[EventDate "2011.06.11"]

1. e4 d5 2. e5 Nc6 3. d4 f6 4. Nf3 Bg4 5. Bb5 Qd7 6. h3 Bh5 7. Nc3 Bxf3 8. Qxf3
a6 9. Ba4 O-O-O 10. O-O Qe6 11. Be3 fxe5 12. Bxc6 Qxc6 13. Rad1 e4 14. Qf5+ e6
15. Qg4 Nf6 16. Qg3 Bd6 17. Qxg7 Ne8 18. Qxh8 Qd7 19. Qg8 Nf6 20. Qg5 Qf7 21.
f3 Rg8 22. Qh4 Qg6 23. g4 h5 24. Rf2 hxg4 25. fxg4 Nd7 26. Ne2 Rh8 27. Qxh8+
1-0

[Event "ODEM U25B 2011"]
[Site "Oberhof GER"]
[Date "2011.06.12"]
[Round "2"]
[White "Binner, Pascal"]
[Black "Nabinger, Annalena"]
[Result "1-0"]
[Termination "normal"]
[Board "26"]
[WhiteElo "975"]
[BlackElo "1233"]
[PlyCount "45"]
[WhiteFideId "12949914"]
[BlackFideId "12902225"]
[EventCountry "GER"]
[EventRounds "9"]
[EventType "swiss"]
[EventDate "2011.06.11"]

1. e4 e5 2. Nc3 Nf6 3. d3 d5 4. Bg5 Bb4 5. Nge2 d4 6. a3 Ba5 7. b4 Bb6 8. Nb1
Bd7 9. g3 a5 10. c3 axb4 11. cxb4 Ba4 12. Qc1 h6 13. Bxf6 Qxf6 14. Bg2 Bb5 15.
Qd2 c5 16. bxc5 Ba5 17. Nbc3 dxc3 18. Nxc3 O-O 19. O-O Rd8 20. Qb2 Ba6 21. Nd5
Nc6 22. Nxf6+ gxf6 23. Rfd1 1-0

[Event "ODEM U25B 2011"]
[Site "Oberhof GER"]
[Date "2011.06.12"]
[Round "2"]
[White "Maiwald, Lars"]
[Black "Schumann, Rabea"]
[Result "0-1"]
[Termination "normal"]
[Board "27"]
[WhiteElo "940"]
[BlackElo "1388"]
[PlyCount "60"]
[WhiteFideId "12958999"]
[BlackFideId "12918199"]
[EventCountry "GER"]
[EventRounds "9"]
[EventType "swiss"]
[EventDate "2011.06.11"]

1. d4 Nf6 2. Nf3 g6 3. c4 Bg7 4. Bf4 d6 5. Qc1 O-O 6. Bh6 Re8 7. Bxg7 Kxg7 8.
e3 e5 9. Nc3 exd4 10. Nxd4 d5 11. Bd3 dxc4 12. Bxc4 Qxd4 13. Nb5 Qe5 14. Be2
Nc6 15. Bf3 Qxb5 16. a4 Qb6 17. O-O Bg4 18. Bxg4 Nxg4 19. Qc4 Nf6 20. Rad1 Rad8
21. Qc3 Qb4 22. Qc2 Rxd1 23. Rxd1 Rd8 24. Rf1 Rd2 25. Qc3 Qxc3 26. bxc3 Rc2 27.
f3 Rxc3 28. e4 Ra3 29. Rb1 Na5 30. Rc1 c6 0-1

[Event "ODEM U25B 2011"]
[Site "Oberhof GER"]
[Date "2011.06.12"]
[Round "2"]
[White "Michalowski, Melina"]
[Black "Hallbauer, Emil Karlsson"]
[Result "1-0"]
[Termination "normal"]
[Board "28"]
[WhiteElo "1184"]
[BlackElo "856"]
[PlyCount "43"]
[WhiteFideId "12902462"]
[EventCountry "GER"]
[EventRounds "9"]
[EventType "swiss"]
[EventDate "2011.06.11"]

1. d4 d6 2. e4 Nc6 3. d5 Ne5 4. Nc3 e6 5. Bf4 Nf6 6. Bxe5 dxe5 7. Bb5+ Bd7 8.
Bc4 Bb4 9. Nf3 Nxe4 10. Qd3 Nxc3 11. bxc3 Bd6 12. O-O 12... f5 { Vermutung, da
der naechste schwarze Zug fehlt.} 13. Qd2 e4 14. Ng5 Qf6 15. dxe6 Bxe6 16. Nxe6
Qe5 17. g3 h5 18. Qd4 Qb5 19. Nxg7+ Kd8 20. Be6 h4 21. Rad1 hxg3 22. Qf6# 1-0

[Event "ODEM U25B 2011"]
[Site "Oberhof GER"]
[Date "2011.06.12"]
[Round "2"]
[White "Möller, Jared William"]
[Black "Cejda, Moritz"]
[Result "0-1"]
[Termination "normal"]
[Board "29"]
[WhiteElo "893"]
[BlackElo "1179"]
[PlyCount "72"]
[BlackFideId "12925152"]
[EventCountry "GER"]
[EventRounds "9"]
[EventType "swiss"]
[EventDate "2011.06.11"]

1. e4 e6 2. Nf3 d5 3. exd5 exd5 4. Nc3 Nf6 5. Bb5+ c6 6. Ba4 Be6 7. Qe2 Bd6 8.
Ng5 Qd7 9. d4 O-O 10. O-O h6 11. Re1 hxg5 12. Bxg5 Nh7 13. Qh5 b5 14. Bb3 a5
15. a4 b4 16. Na2 Bg4 17. Qh4 Qf5 18. c3 Qxg5 19. g3 Qxh4 20. gxh4 Nd7 21. cxb4
Bxb4 22. Nxb4 axb4 23. Re7 Rfe8 24. Rae1 Nhf6 25. a5 Rxe7 26. Rxe7 Re8 27.
Rxe8+ Nxe8 28. a6 Nb6 29. a7 Nc7 30. Kg2 Nc8 31. Kg3 Be6 32. Kf4 Nxa7 33. Kg5
Nab5 34. h5 Nxd4 35. Bd1 f6+ 36. Kg6 Bf7# 0-1

[Event "ODEM U25B 2011"]
[Site "Oberhof GER"]
[Date "2011.06.12"]
[Round "2"]
[White "Neumann, Tiemon"]
[Black "Binner, Jule"]
[Result "1-0"]
[Termination "normal"]
[Board "30"]
[WhiteElo "1163"]
[BlackElo "831"]
[PlyCount "53"]
[WhiteFideId "12925462"]
[BlackFideId "16205332"]
[EventCountry "GER"]
[EventRounds "9"]
[EventType "swiss"]
[EventDate "2011.06.11"]

1. e4 c5 2. Nf3 d6 3. d4 cxd4 4. Nxd4 a6 5. Nc3 b5 6. Be3 e6 7. Qf3 Bb7 8.
O-O-O Be7 9. Qg4 Bf6 10. g3 Ne7 11. Bg2 Nec6 12. Kb1 Nd7 13. f4 Qc7 14. f5 e5
15. Nxc6 Qxc6 16. Nd5 Rc8 17. Rd2 g6 18. fxg6 hxg6 19. Bg5 Bxg5 20. Qxg5 O-O
21. Bh3 Rcd8 22. Bxd7 Qc4 23. b3 Qc5 24. Nf6+ Kg7 25. Nh5+ Kg8 26. Bf5 d5 27.
Bxg6 1-0

[Event "ODEM U25B 2011"]
[Site "Oberhof GER"]
[Date "2011.06.12"]
[Round "2"]
[White "Lilienthal, Niels Bennett"]
[Black "Riedel, Erich"]
[Result "0-1"]
[Termination "normal"]
[Board "31"]
[WhiteElo "853"]
[BlackElo "1137"]
[PlyCount "40"]
[WhiteFideId "16205421"]
[BlackFideId "12958646"]
[EventCountry "GER"]
[EventRounds "9"]
[EventType "swiss"]
[EventDate "2011.06.11"]

1. e4 e6 2. Nc3 d5 3. d3 d4 4. Nb5 c6 5. Na3 b5 6. Nf3 Nd7 7. Bg5 f6 8. Bh4 e5
9. Qd2 Bd6 10. c3 a5 11. cxd4 Bb4 12. dxe5 Bxd2+ 13. Nxd2 Nxe5 14. f4 Nxd3+ 15.
Bxd3 Qxd3 16. Rc1 Bg4 17. Nf3 Bxf3 18. gxf3 Qe3+ 19. Kd1 O-O-O+ 20. Kc2 Qd3#
0-1

[Event "ODEM U25B 2011"]
[Site "Oberhof GER"]
[Date "2011.06.12"]
[Round "2"]
[White "Niewrzol, Anton"]
[Black "Klinge, Sabina"]
[Result "0-1"]
[Termination "normal"]
[Board "32"]
[WhiteElo "835"]
[BlackElo "1101"]
[PlyCount "76"]
[BlackFideId "12949590"]
[EventCountry "GER"]
[EventRounds "9"]
[EventType "swiss"]
[EventDate "2011.06.11"]

1. e4 e5 2. Nf3 Nc6 3. Nc3 Nf6 4. Bb5 d6 5. O-O a6 6. Bxc6+ bxc6 7. d3 Be7 8.
Bd2 O-O 9. h3 Re8 10. b3 Bb7 11. Bg5 h6 12. Bxf6 Bxf6 13. Qe1 d5 14. Qe3 d4 15.
Qd2 dxc3 16. Qxc3 Rb8 17. Rfd1 Qc8 18. d4 exd4 19. Nxd4 c5 20. Qxc5 Re5 21. Qc3
Rxe4 22. Re1 Rxd4 23. Qe3 Re4 24. Qxe4 Bxe4 25. Rxe4 Bxa1 26. c4 Qf5 27. f3 Rd8
28. Kf2 Rd2+ 29. Ke3 Rxg2 30. Re8+ Kh7 31. b4 Rxa2 32. f4 Qxh3+ 33. Ke4 Re2+
34. Kd5 Rxe8 35. b5 Qf5+ 36. Kc6 axb5 37. Kb7 Qc5 38. f5 Qb6# 0-1

[Event "ODEM U25B 2011"]
[Site "Oberhof GER"]
[Date "2011.06.12"]
[Round "2"]
[White "Scholz, Richard"]
[Black "Riehle, Fabio"]
[Result "1-0"]
[Termination "normal"]
[Board "33"]
[WhiteElo "1097"]
[BlackElo "808"]
[PlyCount "149"]
[BlackFideId "36052140"]
[EventCountry "GER"]
[EventRounds "9"]
[EventType "swiss"]
[EventDate "2011.06.11"]

1. e4 e5 2. Nf3 Nc6 3. Bb5 Nd4 4. Nxd4 exd4 5. c3 c6 6. Bc4 Bc5 7. d3 Qf6 8. f4
dxc3 9. Nxc3 Qh4+ 10. g3 Qh3 11. Qe2 Ne7 12. Bd2 d6 13. O-O-O Bg4 14. Qf1 Qxf1
15. Rdxf1 Bh3 16. Re1 Bg2 17. Rhg1 Bxg1 18. Rxg1 Bh3 19. g4 h5 20. gxh5 Rxh5
21. Rxg7 Be6 22. Bxe6 fxe6 23. f5 O-O-O 24. Rxe7 Rxh2 25. fxe6 Rf8 26. Rf7 Rh1+
27. Nd1 Rf1 28. Rxf1 Rxf1 29. e7 Kd7 30. Bg5 Rg1 31. Be3 Rg7 32. Bxa7 Kxe7 33.
Bb8 Rg5 34. Ne3 d5 35. Bf4 Rg1+ 36. Kc2 d4 37. Nf5+ Kf6 38. Nxd4 Rf1 39. e5+
Kf7 40. e6+ Ke8 41. Bd6 Rf2+ 42. Kc3 Rf6 43. Kb4 Rf2 44. b3 Rxa2 45. Nf5 Rg2
46. e7 Rg5 47. Nd4 Rg6 48. Bc5 b6 49. Bxb6 Kxe7 50. Kc5 Kd7 51. Nf3 Rh6 52. Ba5
Rh5+ 53. Kb6 c5 54. d4 Rh3 55. Ne5+ Kc8 56. dxc5 Rxb3+ 57. Ka6 Rb2 58. c6 Rb3
59. c7 Rb2 60. Nc6 Rb3 61. Ne7+ Kd7 62. c8=Q+ Kxe7 63. Qc4 Rb8 64. Qc7+ Ke8 65.
Qxb8+ Ke7 66. Qc7+ Kf6 67. Qd6+ Kf5 68. Kb5 Ke4 69. Qe6+ Kd4 70. Qf5 Ke3 71.
Bc3 Ke2 72. Qh3 Kf2 73. Bd4+ Ke2 74. Qe3+ Kf1 75. Qf2# 1-0

[Event "ODEM U25B 2011"]
[Site "Oberhof GER"]
[Date "2011.06.12"]
[Round "2"]
[White "Schumacher, Aaron"]
[Black "Schlichter, Lisa"]
[Result "0-1"]
[Termination "normal"]
[Board "35"]
[WhiteElo "788"]
[BlackElo "1069"]
[PlyCount "66"]
[BlackFideId "12926396"]
[EventCountry "GER"]
[EventRounds "9"]
[EventType "swiss"]
[EventDate "2011.06.11"]

1. d4 d5 2. e3 Nf6 3. Bb5+ Bd7 4. Bxd7+ Nbxd7 5. Nf3 e6 6. Nc3 c5 7. Bd2 a6 8.
O-O c4 9. Qe2 Be7 10. Rad1 O-O 11. b3 b5 12. e4 Rc8 13. Bg5 h6 14. Bxf6 Nxf6
15. Rfe1 Bb4 16. Qd2 Nxe4 17. Qf4 Nxc3 18. Ra1 Ne4 19. a3 Bxe1 20. Nxe1 Qg5 21.
Qxg5 Nxg5 22. c3 cxb3 23. Rb1 Rxc3 24. h3 Rfc8 25. Kf1 Ne4 26. Rd1 Rc1 27. Rxc1
Rxc1 28. g4 b2 29. Ke2 b1=Q 30. Kf3 Qb3+ 31. Kf4 g5+ 32. Ke5 Qc3 33. f3 Qc7#
0-1

[Event "ODEM U25B 2011"]
[Site "Oberhof GER"]
[Date "2011.06.12"]
[Round "2"]
[White "Holle, Niklas"]
[Black "Kalina, Joshua"]
[Result "1-0"]
[Termination "normal"]
[Board "36"]
[WhiteElo "1060"]
[BlackElo "750"]
[PlyCount "69"]
[EventCountry "GER"]
[EventRounds "9"]
[EventType "swiss"]
[EventDate "2011.06.11"]

1. e4 e5 2. Nf3 Nc6 3. d4 exd4 4. Nxd4 Nf6 5. Qd3 Bc5 6. Be3 d6 7. Nxc6 bxc6 8.
Bxc5 dxc5 9. Qxd8+ Kxd8 10. Nc3 Rb8 11. Bc4 Be6 12. Bxe6 fxe6 13. f3 Rxb2 14.
O-O-O+ Nd7 15. Kxb2 Kc8 16. Rd3 c4 17. Rd4 Nb6 18. Rhd1 e5 19. R4d2 a5 20. Ka3
h6 21. Na4 g6 22. Nxb6+ cxb6 23. Rd6 b5 24. Rxc6+ Kb7 25. Rc5 Kb6 26. Rxe5 c3
27. Rd6+ Kc7 28. Rxg6 h5 29. Rxb5 h4 30. h3 Kd7 31. Rxa5 Ke7 32. Rb6 Rd8 33.
Ra7+ Ke8 34. Rh6 Kf8 35. Rh8# 1-0

[Event "ODEM U25B 2011"]
[Site "Oberhof GER"]
[Date "2011.06.17"]
[Round "8"]
[White "Kempe, Markus"]
[Black "Kololli, Martin"]
[Result "0-1"]
[Termination "normal"]
[Board "2"]
[WhiteElo "1468"]
[BlackElo "1553"]
[PlyCount "36"]
[WhiteFideId "24692638"]
[BlackFideId "12936910"]
[EventCountry "GER"]
[EventRounds "9"]
[EventType "swiss"]
[EventDate "2011.06.11"]

1. e4 e5 2. Nf3 Nc6 3. Bc4 Nf6 4. d4 exd4 5. O-O Bc5 6. e5 d5 7. exf6 dxc4 8.
Re1+ Be6 9. Ng5 Qxf6 10. Nxe6 fxe6 11. Qh5+ Qf7 12. Qxc5 Rf8 13. Rf1 e5 14. Nd2
c3 15. bxc3 dxc3 16. Nf3 O-O-O 17. Qxc3 e4 18. Ne5 Qxf2+ 0-1

[Event "ODEM U25B 2011"]
[Site "Oberhof GER"]
[Date "2011.06.17"]
[Round "8"]
[White "Werner, Justus"]
[Black "Wolfer, Joshua"]
[Result "1-0"]
[Termination "normal"]
[Board "3"]
[WhiteElo "1344"]
[BlackElo "1550"]
[PlyCount "127"]
[WhiteFideId "12941107"]
[BlackFideId "12945668"]
[EventCountry "GER"]
[EventRounds "9"]
[EventType "swiss"]
[EventDate "2011.06.11"]

1. c4 e5 2. Nc3 Nf6 3. g3 Nc6 4. Bg2 Bc5 5. e3 d6 6. Nge2 Bf5 7. a3 Qd7 8. d4
exd4 9. exd4 Bb6 10. O-O O-O 11. b4 a5 12. b5 Nd8 13. a4 c6 14. Be3 Ne6 15. d5
Bxe3 16. dxe6 Bxe6 17. fxe3 Bxc4 18. bxc6 bxc6 19. Rf4 d5 20. e4 Rad8 21. exd5
cxd5 22. Rd4 Qe6 23. Kh1 Ng4 24. Qd2 Rfe8 25. Nf4 Qh6 26. h3 Nf6 27. Nfxd5 Bxd5
28. Bxd5 Qxh3+ 29. Qh2 Qf5 30. Rad1 Nxd5 31. Nxd5 Rc8 32. Qh4 g5 33. Qh5 Kg7
34. Rf4 Re1+ 35. Rxe1 Qxd5+ 36. Kg1 Qc5+ 37. Rf2 Rc7 38. Ref1 Qe3 39. Kh2 Kh8
40. Rxf7 Rc2+ 41. Kh3 Qe6+ 42. R1f5 h6 43. Rf8+ Kg7 44. Qf7+ Qxf7 45. R8xf7+
Kg8 46. R7f6 Kg7 47. Ra6 Ra2 48. Raxa5 Kg6 49. Rfb5 Ra3 50. Ra6+ Kh5 51. Rbb6
g4+ 52. Kg2 Ra2+ 53. Kf1 Ra3 54. Rxh6+ Kg5 55. Rhg6+ Kh5 56. Rg8 Ra1+ 57. Ke2
Re1+ 58. Kd3 Re3+ 59. Kc4 Re4+ 60. Kb5 Re5+ 61. Kb6 Re6+ 62. Kb7 Re7+ 63. Ka8
Re6 64. Rh8+ 1-0

[Event "ODEM U25B 2011"]
[Site "Oberhof GER"]
[Date "2011.06.17"]
[Round "8"]
[White "Sommer, Konstantin"]
[Black "Alt, Elisabeth"]
[Result "1-0"]
[Termination "normal"]
[Board "4"]
[WhiteElo "1502"]
[BlackElo "1402"]
[PlyCount "103"]
[WhiteFideId "12926213"]
[BlackFideId "24692620"]
[EventCountry "GER"]
[EventRounds "9"]
[EventType "swiss"]
[EventDate "2011.06.11"]

1. Nf3 Nc6 2. d4 d5 3. e3 Bg4 4. Bd3 e5 5. dxe5 Nxe5 6. Be2 Bd6 7. Nxe5 Bxe2 8.
Qxe2 Bxe5 9. e4 Ne7 10. O-O O-O 11. exd5 Qxd5 12. Rd1 Qe6 13. Nd2 Bxh2+ 14. Kf1
Qxe2+ 15. Kxe2 Bd6 16. b3 Nd5 17. Bb2 Rfe8+ 18. Kf1 Rad8 19. Nc4 Bb4 20. a3 Bc5
21. b4 Be7 22. Na5 Nf6 23. Nxb7 Rb8 24. Na5 c5 25. Nc6 Rb7 26. Nxe7+ Rbxe7 27.
Bxf6 gxf6 28. Re1 cxb4 29. Rxe7 Rxe7 30. axb4 Rc7 31. Rc1 Kf8 32. c4 a6 33. Ke2
Rb7 34. Rb1 Ke8 35. Kd3 h5 36. Rb2 Rb8 37. c5 Kd7 38. Kc4 Kc6 39. Rd2 f5 40.
Rd6+ Kb7 41. Rb6+ Ka7 42. Rxb8 Kxb8 43. g3 f4 44. Kd5 Kc7 45. Ke5 fxg3 46. fxg3
Kc6 47. Kf6 Kb5 48. Kxf7 a5 49. bxa5 Kxc5 50. Kg6 Kb5 51. Kxh5 Kxa5 52. g4 1-0